La niñez perdida
Guardat en:
| Autor principal: | |
|---|---|
| Format: | Llibre |
| Idioma: | espanyol |
| Publicat: |
Buenos Aires
Criterio
1954
|
| Edició: | 2a. ed |
| Matèries: | |
| Etiquetes: |
Afegir etiqueta
Sense etiquetes, Sigues el primer a etiquetar aquest registre!
|
MARC
| LEADER | 00000cam a2200000 a 4500 | ||
|---|---|---|---|
| 001 | UCX0613 | ||
| 003 | CL-VaPUC | ||
| 008 | 891201e19540000AG |||||||||||||||||spa|d | ||
| 082 | 0 | 4 | |a 824 |b GRE |2 21 |
| 100 | 0 | |a Greene, Graham |e author |9 309259 | |
| 245 | 1 | 3 | |a La niñez perdida |
| 250 | |a 2a. ed | ||
| 300 | |a 258 p | ||
| 942 | |c BK | ||
| 945 | |d 19891201 00:00:00 | ||
| 260 | |a Buenos Aires |b Criterio |c 1954 | ||
| 650 | 0 | |a Ensayos ingleses |9 265096 | |
| 583 | |a last modification |c 20130829 06:10:32 |k Rodrigo Vera | ||
| 999 | |c 222157 |d 222155 | ||
| 952 | |0 0 |1 0 |4 0 |6 824_000000000000000_GRE_1954 |7 0 |8 A |9 216519 |a BIBEDU |b BIBEDU |d 2019-11-15 |i 2851571 |o 824 GRE 1954 |p 2851571 |r 2019-11-15 |w 2019-11-15 |y BK |k LIT | ||
| 952 | |0 0 |1 0 |3 erb |4 0 |6 824_000000000000000_GRE_1954 |7 0 |8 A |9 216520 |a BIBEDU |b BIBEDU |d 2019-11-15 |i 4997182 |o 824 GRE 1954 |p 4997182 |r 2019-11-15 |w 2019-11-15 |y BK |z Catalogado en:20130829 |k LIT | ||